| 000 | 00369 a2200169 4500 | ||
|---|---|---|---|
| 001 | 175288 | ||
| 020 | _a85-16-00779-0 | ||
| 040 | _cMagnum | ||
| 100 | _aRodrigues, Rosicler Martins | ||
| 240 | 1 | 0 |
_aCidades brasileiras _lpor |
| 245 | 1 | 0 | _aCidades brasileiras |
| 300 | _a87 | ||
| 362 | 0 | _a2000 | |
| 440 | 1 | _aModerna | |
| 697 | _aGEOGRAFIA DO BRASIL | ||
| 942 | _cBK | ||
| 999 |
_c175288 _d175288 |
||